| 000 | 00551nam a2200181 a 4500 | ||
|---|---|---|---|
| 005 | 20140311163013.0 | ||
| 008 | 060829s19uu xx 00 eng d | ||
| 020 | _a0-8442-8481-5 | ||
| 050 |
_aPL 1125.E6 _b.D38 2007 |
||
| 100 | _aDeMente, Boye Lafayette | ||
| 245 |
_aChinese in plain English / _cBoye Lafayette De Mente. |
||
| 260 |
_aChicago, illinois : _bPassport Books, _c1995. |
||
| 300 |
_a332 p. : _c21 cm. |
||
| 650 |
_aChinese language _xConversation, and. |
||
| 650 |
_aPhrase books _xEnglish. |
||
| 942 |
_cBK _2lcc _kFOR |
||
| 999 |
_c39387 _d39387 |
||